Buster's new friend. (Record no. 110796)
[ view plain ]
| 000 -LEADER | |
|---|---|
| fixed length control field | 00316nam a2200121 a 4500 |
| 005 - DATE AND TIME OF LATEST TRANSACTION | |
| control field | 20140414131903.0 |
| 008 - FIXED-LENGTH DATA ELEMENTS--GENERAL INFORMATION | |
| fixed length control field | 100922s19uu xx 00 eng d |
| 050 ## - LIBRARY OF CONGRESS CALL NUMBER | |
| Classification number | FIC |
| Item number | K87 2000 |
| 100 ## - MAIN ENTRY--PERSONAL NAME | |
| Personal name | Krensky, Stephen |
| 245 ## - TITLE STATEMENT | |
| Title | Buster's new friend. |
| 260 ## - PUBLICATION, DISTRIBUTION, ETC. (IMPRINT) | |
| Place of publication, distribution, etc | Boston : |
| Name of publisher, distributor, etc | LIttle, Brown and Co, |
| Date of publication, distribution, etc | 2000. |
| Withdrawn status | Lost status | Damaged status | Home library | Current library | Shelving location | Date acquired | Total Checkouts | Full call number | Barcode | Date last seen | Price effective from | Koha item type |
|---|---|---|---|---|---|---|---|---|---|---|---|---|
| Munich Library | Munich Library | Fiction Section | 09/22/2010 | FIC K87 2000 | M1294 | 04/14/2014 | 04/14/2014 | Books |